00429 2200169 4500245005900000020002200059250001100081100002000092700002000112650001200132005001900144260003200163041001400195084001100209300003000220336000900250 aBentengi Diri Anda dari NarkobacHetti RestiantihText a978-602-7500-08-2 aCet. 1 aHetti Restianti aRizky Handayani aNarkoba a20230328103802 aBandungbCV Arsanaziac2012 aIndonesia a351.76 aviii, 64 hlm. :c17.6 cm. atext